Baratha Jana Sabai : Kangaras Mahasabaiyin Saritram (Record no. 205515)

MARC details
000 -LEADER
fixed length control field 00458nam a2200181Ia 4500
008 - FIXED-LENGTH DATA ELEMENTS--GENERAL INFORMATION
fixed length control field 240823s9999||||xx |||||||||||||| ||und||
082 ## - DEWEY DECIMAL CLASSIFICATION NUMBER
-- 940.085 P6
100 ## - MAIN ENTRY--PERSONAL NAME
Personal name Subramania Bharathi
245 #0 - TITLE STATEMENT
Title Baratha Jana Sabai : Kangaras Mahasabaiyin Saritram
250 ## - EDITION STATEMENT
Edition statement 1st
260 ## - PUBLICATION, DISTRIBUTION, ETC. (IMPRINT)
Date of publication, distribution, etc 2006
Name of publisher, distributor, etc Sri Puvaneswari Pathi
500 ## - GENERAL NOTE
General note YES
650 ## - SUBJECT ADDED ENTRY--TOPICAL TERM
Topical term or geographic name as entry element Bharatha Panbadu
942 ## - ADDED ENTRY ELEMENTS (KOHA)
Item type Books
Holdings
Withdrawn status Lost status Damaged status Permanent location Current location Date acquired Source of acquisition Cost, normal purchase price Full call number Barcode Date last seen Koha item type
      CENTRAL LIBRARY, NOORUL ISLAM CENTRE FOR HIGHER EDUCATION CENTRAL LIBRARY, NOORUL ISLAM CENTRE FOR HIGHER EDUCATION 02/19/2014 Gift from VC 320.00 940.085 P6 56224 08/23/2024 Books
Visitors:
Copyright © 2024 Central Library NICHE.  All rights reserved.